Statistics for Greatest Player By Each Position For Every NBA Team

Click here to take the quiz!

General Stats

  • This quiz has been taken 110 times
  • The average score is 91 of 137

Answer Stats

HintAnswer% Correct
SFLarry Bird
100%
SFLeBron James
99%
PGMagic Johnson
99%
SGDell Curry
98%
SFJulius Erving
98%
SFKevin Durant
98%
PGKyrie Irving
98%
SGMichael Jordan
98%
SFScottie Pippen
98%
PGStephen Curry
98%
PFDavid West
96%
PFDirk Nowitzki
96%
CShaquille O'Neal
96%
PFKarl Malone
95%
SGKobe Bryant
95%
CWilt Chamberlain
95%
CBill Russell
94%
CKareem Abdul-Jabbar
94%
SGAustin Carr
93%
PGDamian Lillard
93%
PFDennis Rodman
93%
SGJoe Johnson
93%
PGJohn Stockton
93%
PFKevin Garnett
93%
PFLarry Johnson
93%
PGChris Paul
92%
CDavid Robinson
92%
SGDavid Thompson
92%
CHakeem Olajuwon
92%
SGJames Harden
92%
PGJason Kidd
92%
SFKawhi Leonard
92%
PGSteve Nash
92%
PFTim Duncan
92%
SGVince Carter
92%
CChris Bosh
90%
SGDwyane Wade
90%
SFGlenn Robinson
90%
CPatrick Ewing
90%
PGRussell Westbrook
90%
PGTony Parker
90%
PGIsiah Thomas
89%
SGAllen Iverson
88%
SFDominique Wilkins
88%
SGReggie Miller
88%
PFCharles Barkley
87%
SGClyde Drexler
87%
PFGiannis Antetokounmpo
87%
SGTracy McGrady
87%
CAnthony Davis
86%
PFBlake Griffin
86%
PGDerrick Rose
86%
PGPenny Hardaway
86%
PGTim Hardaway
86%
PGBob Cousy
84%
PFDraymond Green
84%
PGKyle Lowry
82%
CAlonzo Mourning
81%
CMarc Gasol
81%
PFPau Gasol
80%
PGOscar Robertson
78%
SGJoe Dumars
77%
PFKevin McHale
77%
PFBob Pettit
76%
SGRay Allen
76%
CBill Walton
75%
SGDeMar DeRozan
75%
SGTony Allen
75%
CNikola Jokic
72%
SFElgin Baylor
71%
PGKemba Walker
71%
SGRandy Smith
71%
PFShawn Kemp
71%
SGJohn Havlicek
70%
SFPaul George
70%
PFBuck Williams
69%
PFChris Webber
69%
CDikembe Mutombo
69%
SFAlex English
67%
CKarl-Anthony Towns
67%
SGBradley Beal
66%
CBrook Lopez
66%
PFElvin Hayes
66%
PGWalt Frazier
66%
CWes Unseld
66%
PGMike Conley
65%
CBob McAdoo
64%
SGGeorge Gervin
64%
SFGrant Hill
64%
SGChris Mullin
63%
PFZach Randolph
61%
CArtis Gilmore
58%
PGMark Jackson
58%
CRik Smits
54%
CMark Eaton
53%
SFPeja Stojakovic
53%
CDeMarcus Cousins
52%
SFShawn Marion
48%
PGGilbert Arenas
47%
SGMitch Richmond
47%
SFGlen Rice
46%
SGSidney Moncrief
46%
PGRicky Rubio
45%
SFMark Aguirre
43%
CBrad Daugherty
42%
PGMaurice Cheeks
42%
SGEarl Monroe
41%
SFAdrian Dantley
39%
PGDerek Harper
39%
SFBernard King
37%
CBob Lanier
36%
SGJeff Hornacek
35%
PFDave DeBusschere
34%
SGMichael Finley
34%
PFRashard Lewis
33%
SFCaron Butler
31%
PGFat Lever
31%
CJack Sikma
31%
PFDan Issel
30%
PFLarry Nance
30%
SFRudy Gay
29%
PGCalvin Murphy
27%
SGDan Majerle
27%
PFMaurice Lucas
27%
PGMookie Blaylock
27%
SFWally Szczerbiak
27%
CAmar'e Stoudamire
25%
SGEric Gordon
23%
SFHedo Turkoglu
20%
SFRudy Tomjanovich
17%
SFJerome Kersey
14%
SFCorey Maggette
10%
CSam Perkins
10%
PFGeorge McGinnis
8%
SGIsaiah Rider
5%
PFAndrea Bargnani
4%
SFMorris Peterson
4%

Score Distribution

Percentile by Number Answered

Percent of People with Each Score

Your Score History

You have not taken this quiz